Marketing Management (Record no. 9131)

MARC details
000 -LEADER
fixed length control field 00397nam a22001697a 4500
003 - CONTROL NUMBER IDENTIFIER
control field OSt
008 - FIXED-LENGTH DATA ELEMENTS--GENERAL INFORMATION
fixed length control field 201117b ||||| |||| 00| 0 eng d
020 ## - INTERNATIONAL STANDARD BOOK NUMBER
International Standard Book Number 978-9325982406
100 ## - MAIN ENTRY--PERSONAL NAME
Personal name KUMAR Arun
245 ## - TITLE STATEMENT
Title Marketing Management
250 ## - EDITION STATEMENT
Edition statement 3 ed
260 ## - PUBLICATION, DISTRIBUTION, ETC. (IMPRINT)
Place of publication, distribution, etc New Delhi
Name of publisher, distributor, etc Vikas Publishing House
Date of publication, distribution, etc 2020
300 ## - PHYSICAL DESCRIPTION
Extent 668
650 ## - SUBJECT ADDED ENTRY--TOPICAL TERM
Topical term or geographic name as entry element B.Com. Hons
700 ## - ADDED ENTRY--PERSONAL NAME
Personal name MEENAKSHI, N
942 ## - ADDED ENTRY ELEMENTS (KOHA)
Source of classification or shelving scheme Dewey Decimal Classification
Koha item type Text Books
Holdings
Withdrawn status Lost status Source of classification or shelving scheme Damaged status Not for loan Collection code Home library Current library Date acquired Source of acquisition Currency Cost, normal purchase price Bill Number Total Checkouts Acc. no. / Barcode Date last seen Actual Cost, discounted price Bill Date Koha item type Date last borrowed
    Dewey Decimal Classification     B.Com. Hons PIET NCR College Library PIET NCR College Library 17/11/2020 Kirti Prakashan IN Rupees 599.00 IN254   N140 17/11/2020 401.33 05/08/2020 Reference Books  
    Dewey Decimal Classification     B.Com. Hons PIET NCR College Library PIET NCR College Library 17/11/2020 Kirti Prakashan IN Rupees 599.00 IN254   N141 17/11/2020 401.33 05/08/2020 Text Books  
    Dewey Decimal Classification     B.Com. Hons PIET NCR College Library PIET NCR College Library 17/11/2020 Kirti Prakashan IN Rupees 599.00 IN254   N142 17/11/2020 401.33 05/08/2020 Text Books  
    Dewey Decimal Classification     B.Com. Hons PIET NCR College Library PIET NCR College Library 17/11/2020 Kirti Prakashan IN Rupees 599.00 IN254 1 N143 09/04/2021 401.33 05/08/2020 Text Books 22/03/2021
    Dewey Decimal Classification     B.Com. Hons PIET NCR College Library PIET NCR College Library 17/11/2020 Kirti Prakashan IN Rupees 599.00 IN254   N144 17/11/2020 401.33 05/08/2020 Text Books  
    Dewey Decimal Classification     B.Com. Hons PIET NCR College Library PIET NCR College Library 17/11/2020 Kirti Prakashan IN Rupees 599.00 IN254   N145 17/11/2020 401.33 05/08/2020 Text Books  

Design & Developed by: PIET Central Library
R70 Miles Stone Pattikalyana Samalkha Panipat 132102
mail ID :- [email protected], Phone No:- 0180-2569700 Ex.216